[Event "ch-FRA Blitz Online Qual"]
[Site "Europe-Chess INT"]
[Date "2020.05.16"]
[Round "10"]
[White "Auribault, Louis"]
[Black "Deschamps, Quentin"]
[Result "1-0"]
[WhiteElo "1618"]
[BlackElo "1908"]
[WhiteFideId "45196591"]
[BlackFideId "26010119"]
[EventDate "2020.05.16"]

1. e4 e6 2. d4 d5 3. Bd3 c5 4. exd5 exd5 5. c3 Be7 6. Nf3 Nf6 7. O-O Nc6 8. Re1
O-O 9. Bf4 Bg4 10. h3 Bh5 11. g4 Bg6 12. Ne5 Nxe5 13. Bxe5 Re8 14. Bxg6 hxg6 15.
Nd2 Rc8 16. Nf3 Ne4 17. Qd3 Bh4 18. Re2 c4 19. Qc2 Rc6 20. Rae1 Rce6 21. Nxh4
Qxh4 22. Re3 f6 23. Bf4 g5 24. Bh2 Kf7 25. Qe2 Rh8 26. f3 Ng3 27. Qf2 Rxe3 28.
Rxe3 Qxh3 29. Qxg3 Qh7 30. Qc7+ Kg6 31. Re2 Qh3 32. Qg3 Qh7 33. f4 Qh6 34. f5+
Kh7 35. Re7 b5 36. Rxa7 Re8 37. Kf2 Kg8 38. Rb7 g6 39. Qc7 Rf8 40. Qg3 Re8 41.
Rxb5 gxf5 42. gxf5 Qh5 43. Kg1 Qd1+ 44. Kg2 Qe2+ 45. Kh3 Qh5+ 46. Kg2 Re2+ 47.
Kg1 Re8 48. Rxd5 Qd1+ 49. Kg2 Re2+ 50. Kh3 Qf1+ 51. Kg4 Re4+ 52. Kh5 Qe2+ 53.
Kg6 Re8 54. Rd7 Re7 55. Qb8+ Re8 56. Rd8 Kf8 57. Rxe8+ Qxe8+ 58. Qxe8+ Kxe8 59.
a4 g4 60. Kxf6 Kd7 61. Kg5 Kc6 62. Kxg4 Kb6 63. f6 Ka5 64. f7 Kxa4 65. f8=Q Kb3
66. Qb4+ Kc2 67. Qxc4 Kxb2 68. d5 1-0

[Event "ch-FRA Blitz Online Qual"]
[Site "Europe-Chess INT"]
[Date "2020.05.16"]
[Round "10"]
[White "Blanchard, Samuel"]
[Black "Fondrat, Johan"]
[Result "0-1"]
[WhiteElo "1921"]
[BlackElo "1509"]
[WhiteFideId "36023990"]
[BlackFideId "45156069"]
[EventDate "2020.05.16"]

1. e4 c5 2. Nc3 Nc6 3. g3 g6 4. Bg2 Bg7 5. d3 e6 6. Be3 d6 7. f4 Nge7 8. Nf3 O-O
9. O-O Bd7 10. d4 cxd4 11. Nxd4 Rc8 12. Kh1 Nxd4 13. Bxd4 e5 14. Be3 Bc6 15. Nd5
Nxd5 16. exd5 Bd7 17. c3 a6 18. Qb3 Re8 19. Rfe1 b5 20. a4 bxa4 21. Qa3 Bb5 22.
Bh3 Rb8 23. Rac1 Bc4 24. Qxa4 Bxd5+ 25. Bg2 Bxg2+ 26. Kxg2 Rxb2+ 27. Kg1 Qc8 28.
Bf2 Rd8 29. c4 Qg4 30. Qxa6 Qf3 31. Rf1 exf4 32. Qa5 Ra8 33. Qe1 fxg3 34. hxg3
Bd4 35. Bxd4 Qg2# 0-1

[Event "ch-FRA Blitz Online Qual"]
[Site "Europe-Chess INT"]
[Date "2020.05.16"]
[Round "10"]
[White "Daude, Alexandre"]
[Black "Dubois, Martine"]
[Result "1-0"]
[BlackTitle "WIM"]
[WhiteElo "1518"]
[BlackElo "1802"]
[WhiteFideId "45102660"]
[BlackFideId "601926"]
[EventDate "2020.05.16"]

1. e4 e5 2. Bc4 Nf6 3. d4 exd4 4. Nf3 Nxe4 5. Qxd4 Nd6 6. O-O Be7 7. Qxg7 Rf8 8.
Bb3 Nf5 9. Qxh7 d5 10. Ne5 Be6 11. Bh6 Qd6 12. Bxf8 Bxf8 13. Nf3 Nc6 14. Nc3
O-O-O 15. Nb5 Qc5 16. a4 a6 17. Nc3 Bg7 18. Qh5 Rh8 19. Qg5 Bxc3 20. bxc3 Qxc3
21. Qf4 Rg8 22. Rfe1 1-0

[Event "ch-FRA Blitz Online Qual"]
[Site "Europe-Chess INT"]
[Date "2020.05.16"]
[Round "10"]
[White "Spano, Remy"]
[Black "Berthaut, Alexandre"]
[Result "0-1"]
[WhiteElo "1662"]
[BlackElo "1924"]
[WhiteFideId "26092948"]
[BlackFideId "26080192"]
[EventDate "2020.05.16"]

1. e4 b6 2. d4 Bb7 3. e5 d6 4. exd6 cxd6 5. Nf3 Nf6 6. c3 g6 7. Bd3 Bg7 8. O-O
O-O 9. Be3 Nbd7 10. Nbd2 e5 11. dxe5 dxe5 12. Bc2 Re8 13. Bb3 Nc5 14. Bxc5 bxc5
15. Ng5 Re7 16. Nc4 h6 17. Nxf7 Rxf7 18. Nxe5 Bd5 19. Bxd5 Qxd5 20. Nxf7 Qxf7
21. Qd6 Ne4 22. Qc6 Re8 23. Rfe1 Qxf2+ 24. Kh1 Ng3+ 25. hxg3 Rxe1+ 26. Rxe1
Qxe1+ 27. Kh2 Qe5 28. Qa8+ Kh7 29. Qxa7 Qe3 30. a4 Qc1 31. a5 Qxb2 32. Qxc5 Qxc3
33. Qb6 h5 34. a6 Be5 35. Qf2 Qc7 36. a7 Qb7 37. Qe3 Bd6 38. Qd4 Bc7 39. Qc5 Bb6
40. a8=Q Qxa8 41. Qxb6 Qg8 42. Qc7+ Kh6 43. Qc1+ Kh7 44. Qg5 Qe6 45. Qf4 Qe7 46.
Qe3 Qxe3 47. Kh3 h4 48. Kxh4 Qf2 49. Kh3 Kh6 50. Kh4 Qxg2 51. g4 Qe4 52. Kh3 Kg5
53. Kg3 Qxg4+ 0-1

[Event "ch-FRA Blitz Online Qual"]
[Site "Europe-Chess INT"]
[Date "2020.05.16"]
[Round "10"]
[White "Buttard, Axel"]
[Black "Gandreuil, Brice"]
[Result "1-0"]
[WhiteElo "1883"]
[BlackElo "1500"]
[WhiteFideId "36052523"]
[BlackFideId "36078425"]
[EventDate "2020.05.16"]

1. d4 f5 2. h3 d6 3. Bg5 Nd7 4. Nc3 Ngf6 5. Qd3 g6 6. e4 fxe4 7. Nxe4 Nxe4 8.
Qxe4 Bg7 9. O-O-O Nf6 10. Qd3 Bf5 11. Qd2 Ne4 12. Qf4 Nxg5 13. Qxg5 O-O 14. Nf3
Qd7 15. h4 Qa4 16. Bd3 Qxa2 17. Rh2 e5 18. dxe5 dxe5 19. Qe7 Rae8 20. Qb4 e4 21.
Bc4+ Be6 22. Bxa2 Bxa2 23. Nd4 c5 24. Qxc5 Rc8 25. Qb4 Rfd8 26. Nb3 Bh6+ 27. Nd2
Rxd2 28. Rxd2 Rd8 29. b3 Bxd2+ 30. Qxd2 Rxd2 31. Kxd2 a5 32. Kc3 a4 33. Kb2 axb3
34. cxb3 Bxb3 35. Kxb3 Kf7 36. Rh3 Kf6 37. Re3 Kf5 38. Kc4 Kf4 39. g3+ Kf5 40.
Kd5 b5 41. Rxe4 h5 42. Rb4 g5 43. hxg5 Kxg5 44. Rxb5 Kg4 45. Ke4 h4 46. gxh4
Kxh4 47. Kf3 Kh3 48. Rh5# 1-0

[Event "ch-FRA Blitz Online Qual"]
[Site "Europe-Chess INT"]
[Date "2020.05.16"]
[Round "10"]
[White "Percheron, Andre"]
[Black "Ogier, Arnaud"]
[Result "1-0"]
[WhiteElo "1846"]
[BlackElo "1569"]
[WhiteFideId "20607091"]
[BlackFideId "45196494"]
[EventDate "2020.05.16"]

1. Nf3 c5 2. c4 Nc6 3. g3 g6 4. Bg2 Bg7 5. O-O Nf6 6. Nc3 O-O 7. d4 cxd4 8. Nxd4
e5 9. Ndb5 a6 10. Nd6 Qc7 11. Nxc8 Raxc8 12. b3 Rfd8 13. Nd5 Nxd5 14. Bxd5 Nb4
15. Ba3 Nxd5 16. Qxd5 Qc6 17. Rad1 Qxd5 18. Rxd5 f6 19. Rfd1 Rc7 20. Be7 Re8 21.
Rxd7 Rxd7 22. Rxd7 Rb8 23. Bd6 Rc8 24. Rxb7 Rd8 25. c5 Bf8 26. Rb6 Bxd6 27. cxd6
Kf7 28. Rxa6 Ke6 29. e3 Rc8 30. Kg2 Kd7 31. Ra7+ Kxd6 32. Rxh7 Ra8 33. Rg7 Rxa2
34. Rxg6 Ra3 35. Rxf6+ Ke7 36. Rb6 Ra2 37. h4 Rb2 38. h5 Kf7 39. g4 e4 40. g5
Rc2 41. h6 Kg8 42. Kg3 1-0

[Event "ch-FRA Blitz Online Qual"]
[Site "Europe-Chess INT"]
[Date "2020.05.16"]
[Round "10"]
[White "Hetier, Thomas"]
[Black "Pigeat, Benoit"]
[Result "0-1"]
[WhiteElo "1598"]
[BlackElo "1873"]
[WhiteFideId "45146586"]
[BlackFideId "20643390"]
[EventDate "2020.05.16"]

1. f4 d5 2. Nf3 c5 3. e3 Nc6 4. Be2 Nf6 5. O-O e6 6. Nc3 Bd6 7. b3 a6 8. Bb2 Bd7
9. d3 Qb6 10. Kh1 Ng4 11. Qd2 f5 12. h3 Nf6 13. d4 cxd4 14. exd4 Rc8 15. Ne5
Qxd4 16. Rad1 Qxd2 17. Rxd2 Bb4 18. Rdd1 Nxe5 19. fxe5 Bxc3 20. Ba3 Bxe5 21. c4
d4 22. Bf3 Bc6 23. Rfe1 Ne4 24. Bxe4 Bxe4 25. b4 Rxc4 26. Rc1 b5 27. Rcd1 Kf7
28. Kg1 Rhc8 29. g4 g6 30. Bc1 Rc2 31. a3 Rg2+ 32. Kf1 Rcc2 33. Rxe4 fxe4 34.
Bg5 Rcf2+ 35. Ke1 Bg3 36. Rxd4 Rg1# 0-1

[Event "ch-FRA Blitz Online Qual"]
[Site "Europe-Chess INT"]
[Date "2020.05.16"]
[Round "10"]
[White "Desarmaux-Do, Yanis-Huy"]
[Black "Bakouri, Abdelmajid"]
[Result "0-1"]
[WhiteElo "1803"]
[BlackElo "1871"]
[WhiteFideId "45118299"]
[BlackFideId "7901682"]
[EventDate "2020.05.16"]

1. Nf3 Nf6 2. g3 g6 3. b3 Bg7 4. Bb2 O-O 5. Bg2 c5 6. O-O d5 7. d3 Nc6 8. Nbd2
Bg4 9. h3 Bd7 10. e4 d4 11. a4 Rc8 12. Nc4 Ne8 13. Nfd2 e5 14. f4 f6 15. Nf3 Qc7
16. Bc1 Nd6 17. fxe5 fxe5 18. Bg5 Nxc4 19. dxc4 Nb4 20. Ne1 Rxf1+ 21. Bxf1 Rf8
22. Nd3 Nc6 23. Nxc5 h6 24. Bd2 Bc8 25. Kh2 Qf7 26. Bg2 Qf2 27. Nd3 Qf7 28. Qe2
g5 29. Rf1 Qg6 30. Rxf8+ Bxf8 31. Bf3 a5 32. Bh5 Qf6 33. Bg4 Be6 34. Bxe6+ Qxe6
35. Qf3 Kg7 36. h4 g4 37. Qf2 Be7 38. Nb2 Ba3 39. Nd3 h5 40. Qf5 Qxf5 41. exf5
Kf6 42. c3 Kxf5 43. cxd4 exd4 44. Kg2 Nb4 45. Nxb4 Bxb4 46. Bxb4 axb4 47. Kf2
Ke4 48. Ke2 d3+ 49. Kd2 Kf3 50. Kxd3 Kxg3 51. c5 Kxh4 52. c6 bxc6 53. a5 g3 54.
a6 g2 55. a7 g1=Q 56. a8=Q Qb1+ 57. Kc4 Qe4+ 58. Kc5 Qe7+ 59. Kb6 Kh3 60. Qxc6
Qd8+ 61. Kb5 Qb8+ 62. Kc5 Kg3 63. Qg6+ Kh4 64. Qe4+ Kg5 65. Qe7+ Kg4 66. Qg7+
Kh4 67. Qd4+ Kg5 68. Qg7+ Kf4 0-1

[Event "ch-FRA Blitz Online Qual"]
[Site "Europe-Chess INT"]
[Date "2020.05.16"]
[Round "10"]
[White "Dimey, Cyrille"]
[Black "Lesage, Margot"]
[Result "1-0"]
[WhiteElo "1871"]
[BlackElo "1598"]
[WhiteFideId "20658273"]
[BlackFideId "45137013"]
[EventDate "2020.05.16"]

1. d4 Nf6 2. c4 c5 3. d5 b5 4. cxb5 a6 5. b6 Qxb6 6. Nc3 g6 7. e4 Bg7 8. Nf3 d6
9. Be2 O-O 10. Nd2 Nbd7 11. Nc4 Qc7 12. O-O a5 13. a4 Ba6 14. Ne3 Bxe2 15. Qxe2
Ne5 16. f4 Ned7 17. Nc4 Rfb8 18. Nb5 Qd8 19. Kh1 Ne8 20. e5 dxe5 21. fxe5 Nc7
22. e6 fxe6 23. dxe6 Nf6 24. Bf4 Nxb5 25. Bxb8 Nd4 26. Qe5 Rxb8 27. Qxc5 Ne4 28.
Qxa5 Qxa5 29. Nxa5 Ra8 30. Nc4 Nc5 31. a5 Ndxe6 32. Rab1 Nb3 33. Rfe1 Kf7 34.
Ne5+ Bxe5 35. Rxe5 Rxa5 36. Rf1+ Kg7 37. Rxe6 Nd4 38. Rxe7+ Kg8 39. Rd1 Nf5 40.
Rd8# 1-0

[Event "ch-FRA Blitz Online Qual"]
[Site "Europe-Chess INT"]
[Date "2020.05.16"]
[Round "10"]
[White "Grulier, Ernest"]
[Black "Ragneau, Freddy"]
[Result "0-1"]
[WhiteElo "1469"]
[BlackElo "1859"]
[WhiteFideId "551048060"]
[BlackFideId "36001228"]
[EventDate "2020.05.16"]

1. e4 Nf6 2. e5 Nd5 3. c4 Nb6 4. d4 d6 5. exd6 cxd6 6. Nf3 g6 7. Nc3 Bg7 8. Be2
Nc6 9. O-O Bg4 10. d5 Bxf3 11. Bxf3 Ne5 12. Be2 O-O 13. Qb3 Rc8 14. Bf4 Nexc4
15. a4 Na5 16. Qc2 Nxd5 17. Be3 Nxc3 18. bxc3 Rxc3 19. Qd2 Nb3 0-1

[Event "ch-FRA Blitz Online Qual"]
[Site "Europe-Chess INT"]
[Date "2020.05.16"]
[Round "10"]
[White "Kollar, Guillaume"]
[Black "Pierre, Timothee"]
[Result "1-0"]
[WhiteElo "1439"]
[BlackElo "1858"]
[WhiteFideId "36001732"]
[BlackFideId "643076"]
[EventDate "2020.05.16"]

1. e4 c5 2. Nf3 Nc6 3. d4 cxd4 4. Nxd4 d6 5. Be3 g6 6. Nc3 Bg7 7. Qd2 e6 8.
O-O-O Nge7 9. Bb5 O-O 10. Bxc6 Nxc6 11. h4 Bd7 12. Ndb5 a6 13. Nxd6 b5 14. Nb7
Bxc3 15. Qxc3 Qc7 16. Bh6 Qxb7 17. Qg7# 1-0

[Event "ch-FRA Blitz Online Qual"]
[Site "Europe-Chess INT"]
[Date "2020.05.16"]
[Round "10"]
[White "Triton, Maxime"]
[Black "Moindjie, Nassuf"]
[Result "1-0"]
[WhiteElo "1843"]
[BlackElo "1471"]
[WhiteFideId "36062979"]
[BlackFideId "551098237"]
[EventDate "2020.05.16"]

1. e4 c5 2. Nf3 Nc6 3. d4 cxd4 4. Nxd4 e5 5. Nb5 d6 6. c4 f5 7. exf5 Bxf5 8. Bd3
Be6 9. O-O Nf6 10. Nd2 Be7 11. Nc3 O-O 12. Nce4 d5 13. Nxf6+ Bxf6 14. cxd5 Bxd5
15. Ne4 Be7 16. Be3 Rc8 17. Qh5 Bf7 18. Nf6+ 1-0

[Event "ch-FRA Blitz Online Qual"]
[Site "Europe-Chess INT"]
[Date "2020.05.16"]
[Round "10"]
[White "Roussel, Matthieu"]
[Black "Huynh, Nicolas"]
[Result "0-1"]
[WhiteElo "1577"]
[BlackElo "1836"]
[WhiteFideId "36070009"]
[BlackFideId "36081302"]
[EventDate "2020.05.16"]

1. e4 c5 2. Nf3 d6 3. d4 cxd4 4. Nxd4 Nf6 5. Nc3 a6 6. Be3 e5 7. Nb3 Be6 8. f3
Nbd7 9. Qd2 Rc8 10. Be2 Be7 11. O-O O-O 12. Rac1 b5 13. a3 Nb6 14. f4 Qc7 15. f5
Bc4 16. Rf3 Rfd8 17. Bg5 Na4 18. Bxf6 Bxf6 19. Bxc4 Qxc4 20. Nd5 Qxe4 21. Nxf6+
gxf6 22. Rg3+ Kf8 23. Qh6+ Ke7 24. Qxh7 Rh8 25. Qg7 Rxc2 26. Rf1 Rcc8 27. Qg4
Qb7 28. Na5 Qb6+ 0-1

[Event "ch-FRA Blitz Online Qual"]
[Site "Europe-Chess INT"]
[Date "2020.05.16"]
[Round "10"]
[White "Ghazaryan, Gor"]
[Black "Demarche, Laurent"]
[Result "0-1"]
[WhiteElo "1431"]
[BlackElo "1835"]
[WhiteFideId "45137595"]
[BlackFideId "609757"]
[EventDate "2020.05.16"]

1. e4 e5 2. Nf3 d6 3. Nc3 Nf6 4. d4 Nbd7 5. dxe5 dxe5 6. Bg5 Be7 7. Bc4 O-O 8.
O-O c6 9. Qd2 b5 10. Bb3 Qc7 11. Rad1 Nc5 12. Qe2 a5 13. a3 b4 14. Na4 Nxb3 15.
cxb3 Be6 16. Bxf6 Bxf6 17. Nc5 Bg4 18. Nd7 Bxd7 19. Rd3 Be6 20. Rfd1 Be7 21. Qe3
bxa3 22. bxa3 Bxa3 23. Ng5 Qe7 24. Qg3 f6 25. Nxe6 Qxe6 26. Rd7 Rf7 27. R7d3 Bc5
28. Qh4 Bd4 29. Rh3 g6 30. Rdd3 a4 31. bxa4 Rxa4 32. g3 Ra1+ 33. Kg2 Ra2 34. Rf3
c5 35. g4 c4 36. g5 fxg5 37. Qxg5 Rxf2+ 38. Rxf2 Rxf2+ 39. Kg3 Qf6 40. Qxf6 Rxf6
41. Kg2 c3 42. Rd3 c2 0-1

[Event "ch-FRA Blitz Online Qual"]
[Site "Europe-Chess INT"]
[Date "2020.05.16"]
[Round "10"]
[White "Eric Andriana, Fitia"]
[Black "Mouret, Paul"]
[Result "0-1"]
[WhiteElo "1401"]
[BlackElo "1748"]
[WhiteFideId "36094366"]
[BlackFideId "36059170"]
[EventDate "2020.05.16"]

1. e4 d5 2. exd5 Nf6 3. Nc3 Nxd5 4. d4 Nxc3 5. bxc3 c5 6. g3 g6 7. Bg2 Bg7 8.
Ne2 e6 9. O-O O-O 10. Ba3 Nd7 11. Qc1 Qc7 12. Rd1 Rb8 13. Nf4 b6 14. Qb1 Bb7 15.
Qb5 Bxg2 16. Nxg2 Rfc8 17. Bc1 Qc6 18. Qxc6 Rxc6 19. Bf4 Rbc8 20. dxc5 Nxc5 21.
Ne3 Bxc3 22. Rab1 Kg7 23. Nc4 Bf6 24. Ne5 Bxe5 25. Bxe5+ f6 26. Bf4 e5 27. Be3
R8c7 28. Rd8 Ne6 29. Rd2 Rxc2 30. Rxc2 Rxc2 31. a4 Kf7 32. Rd1 Ke7 33. Bh6 Ra2
34. a5 Rxa5 35. Bg7 Rb5 36. Bh8 a5 37. Rd3 Rb4 38. Rf3 f5 39. Bxe5 a4 40. Rd3
Rb1+ 41. Kg2 b5 42. f3 b4 43. Bd6+ Kf7 44. Re3 a3 45. Rc3 bxc3 46. Bxa3 c2 47.
Kf2 c1=Q 48. Bxc1 Rxc1 49. Ke3 Rc2 50. Kd3 Rxh2 51. Kc4 Rh3 52. g4 Rxf3 53. gxf5
gxf5 54. Kd5 Re3 55. Kd6 f4 56. Kd5 Kf6 57. Kd6 f3 58. Kd7 f2 59. Kd6 Rd3+ 60.
Kc6 Ng7 61. Kc5 f1=Q 62. Kc4 Re3+ 63. Kd4 Qd3+ 64. Kc5 Qc3+ 65. Kd5 Qd2+ 66. Kc4
Rc3+ 67. Kb4 Qb2+ 68. Ka4 Ra3# 0-1

[Event "ch-FRA Blitz Online Qual"]
[Site "Europe-Chess INT"]
[Date "2020.05.16"]
[Round "10"]
[White "Daunay, Gabriel"]
[Black "Commin-Humeau, Augustin"]
[Result "0-1"]
[WhiteElo "1701"]
[BlackElo "1971"]
[WhiteFideId "45103321"]
[BlackFideId "26093006"]
[EventDate "2020.05.16"]

1. e4 c5 2. Nf3 g6 3. c4 Bg7 4. d4 cxd4 5. Nxd4 Nc6 6. Be3 Nf6 7. Nc3 Ng4 8.
Qxg4 Nxd4 9. Bd3 d6 10. Qd1 e5 11. O-O O-O 12. Nd5 Be6 13. Rc1 b6 14. a3 Bxd5
15. cxd5 f5 16. f3 Rc8 17. Ba6 Rxc1 18. Qxc1 Rf7 19. Qd2 fxe4 20. fxe4 Qf8 21.
Rxf7 Qxf7 22. b4 h5 23. Bxd4 exd4 24. Bc8 Qc7 25. Be6+ Kh7 26. h3 Qc3 27. Qxc3
dxc3 28. Kf2 c2 0-1

[Event "ch-FRA Blitz Online Qual"]
[Site "Europe-Chess INT"]
[Date "2020.05.16"]
[Round "10"]
[White "Pothieux, Philippe"]
[Black "Stajkovski, Stefan"]
[Result "1/2-1/2"]
[WhiteElo "1796"]
[BlackElo "1428"]
[WhiteFideId "20606036"]
[BlackFideId "551053250"]
[EventDate "2020.05.16"]

1. d4 Nf6 2. c4 e6 3. Nc3 d5 4. Bg5 Be7 5. e3 Nbd7 6. Nf3 O-O 7. Bd3 h6 8. Bh4
dxc4 9. Bxc4 a6 10. O-O b5 11. Bb3 Bb7 12. Qe2 Ne4 13. Bxe7 Qxe7 14. Rac1 c5 15.
Bc2 Nxc3 16. bxc3 Rac8 17. Qd3 Nf6 18. Qe2 c4 19. a4 Ne4 20. Bd1 Qa3 21. Qc2
Rfd8 22. axb5 axb5 23. Be2 Nd6 24. Ra1 Qb3 25. Qd2 Ne4 26. Qc1 Nxc3 27. Bd1 Nxd1
28. Rxd1 Be4 29. Nd2 Qd3 30. Rb1 Rb8 31. Rb4 Qc2 32. Nxe4 Qxe4 33. Qb2 Qd5 34.
Rb1 Rdc8 35. Rxb5 Rxb5 36. Qxb5 c3 37. Qxd5 exd5 38. Rc1 Ra8 39. Kf1 Ra2 40.
Rxc3 Ra1+ 41. Ke2 Rg1 42. g3 Rg2 43. h4 Kf8 44. Rc5 Rg1 45. Rxd5 Ra1 46. Re5
Ra2+ 47. Kf3 Ra3 48. Kf4 Ra4 49. f3 Ra6 50. Ke4 Ra3 51. g4 f6 52. Rc5 Ra6 53. h5
Kf7 54. Rb5 Re6+ 55. Kf4 Re7 56. Rb6 Rd7 57. Ke4 Re7+ 58. Kd3 Rd7 59. e4 Ra7 60.
Ke3 Ra3+ 61. Kf4 Ra7 62. d5 Rd7 63. Rc6 Ra7 64. Kf5 Re7 65. Kf4 Re5 66. Rc7+ Kf8
67. Rc6 Kf7 68. Ke3 Re7 69. Kd4 Ra7 70. Ke3 Ra4 71. Rb6 Ra7 72. Re6 Rd7 73. Kf4
Rd8 74. Rc6 Rd7 75. Rb6 Ra7 76. Rc6 Rd7 1/2-1/2

[Event "ch-FRA Blitz Online Qual"]
[Site "Europe-Chess INT"]
[Date "2020.05.16"]
[Round "10"]
[White "Weber, Richard"]
[Black "LHeritier, Boris"]
[Result "1-0"]
[WhiteElo "1463"]
[BlackElo "1763"]
[WhiteFideId "644382"]
[BlackFideId "26033003"]
[EventDate "2020.05.16"]

1. d4 Nf6 2. Nc3 d5 3. Bf4 g6 4. e3 Bg7 5. Nf3 O-O 6. Be2 c5 7. O-O Qb6 8. b3
cxd4 9. exd4 Bg4 10. Na4 Qd8 11. h3 Bxf3 12. Bxf3 e6 13. c3 Nc6 14. Rc1 b5 15.
Nb2 Rc8 16. Nd3 Nd7 17. b4 Nb6 18. Nc5 Nc4 19. Be2 a5 20. Bxc4 bxc4 21. a3 axb4
22. axb4 Ne7 23. Ra1 Ra8 24. Qc2 Nf5 25. g4 Nd6 26. Rfe1 Rxa1 27. Rxa1 Qh4 28.
Kg2 Qe7 29. Bg3 Rc8 30. Ra6 Ne4 31. Nxe4 dxe4 32. Qxe4 Bf8 33. Ra5 Qf6 34. Be5
Qd8 35. Bg3 Bd6 36. Be5 Bxe5 37. Rxe5 Qc7 38. Rc5 Qb8 39. Ra5 Rd8 40. Qc6 Qc8
41. Qa6 Qxa6 42. Rxa6 Kf8 43. f4 h5 44. Kf3 hxg4+ 45. hxg4 Ke8 46. Rc6 Rd5 47.
Rxc4 Ke7 48. Ke4 Kd7 49. Rc5 Rxc5 50. bxc5 Kc6 51. c4 f5+ 52. gxf5 exf5+ 53. Ke5
Kd7 54. Kf6 Kc6 1-0

[Event "ch-FRA Blitz Online Qual"]
[Site "Europe-Chess INT"]
[Date "2020.05.16"]
[Round "10"]
[White "Sepahpour, Shervine"]
[Black "Gordon, Louis"]
[Result "0-1"]
[WhiteElo "1398"]
[BlackElo "1758"]
[WhiteFideId "45150478"]
[BlackFideId "45186162"]
[EventDate "2020.05.16"]

1. d4 Nf6 2. c4 e6 3. Nf3 Bb4+ 4. Bd2 Qe7 5. a3 Bxd2+ 6. Qxd2 d5 7. Nc3 Nbd7 8.
c5 c6 9. e3 b6 10. b4 O-O 11. Bd3 a5 12. O-O Bb7 13. Rfc1 axb4 14. axb4 bxc5 15.
bxc5 Rfb8 16. Rcb1 Nf8 17. Ne5 Qc7 18. Qb2 Bc8 19. Qc2 Bd7 20. Na4 Qa7 21. Nb6
Qxa1 22. Rxa1 Rxa1+ 23. Bf1 Be8 24. Qb2 Ra7 25. Qc2 Kh8 26. h3 Ng8 27. f4 f6 28.
Nf3 Nd7 29. Nxd7 Bxd7 30. g4 Rab7 31. g5 f5 32. Ne5 Be8 33. Qe2 Ne7 34. h4 Ng6
35. Nxg6+ Bxg6 36. h5 Be8 37. h6 g6 38. Qc2 Rb2 39. Qc3 R2b3 40. Qc2 Rxe3 41.
Qd2 Rbb3 42. Be2 Rg3+ 43. Kf2 Kg8 44. Bf3 Rgxf3+ 45. Ke2 Rfe3+ 46. Qxe3 Rxe3+
47. Kxe3 Kf7 48. Kd3 Ke7 49. Kc3 Kd7 50. Kb4 Kc7 51. Ka5 Kb7 52. Ka4 Ka6 53. Ka3
Ka5 54. Kb3 Bd7 55. Kc3 Kb5 56. Kb3 Bc8 57. Kc3 Ka4 58. Kd3 Kb4 59. Kd2 Kc4 60.
Ke3 Ba6 61. Kf3 Kxd4 0-1

[Event "ch-FRA Blitz Online Qual"]
[Site "Europe-Chess INT"]
[Date "2020.05.16"]
[Round "10"]
[White "Lebrun, Leo"]
[Black "Randrianarimanana, Alicia"]
[Result "0-1"]
[WhiteElo "1441"]
[BlackElo "1971"]
[WhiteFideId "26097435"]
[BlackFideId "36034738"]
[EventDate "2020.05.16"]

1. Nf3 Nf6 2. g3 g6 3. Bg2 Bg7 4. d4 O-O 5. Nc3 d6 6. Be3 Nc6 7. Qd2 Ng4 8. O-O
Nxe3 9. fxe3 e5 10. dxe5 dxe5 11. Rad1 Bf5 12. Nb5 Qe7 13. c3 a6 14. Na3 Rad8
15. Qc1 Qc5 16. Kh1 Ne7 17. Rxd8 Rxd8 18. Rd1 Rd6 19. Rxd6 cxd6 20. Qd2 Nd5 21.
Nc2 Bxc2 22. Qxc2 Nxe3 23. Qe4 Nxg2 24. Kxg2 Qc6 25. Ng5 h6 26. Qxc6 bxc6 27.
Ne4 Bf8 28. Nf6+ Kg7 29. Nd7 Be7 30. Kf3 a5 31. Ke4 f5+ 32. Kf3 Kf7 33. Nb6 Ke6
34. Nc4 Bd8 35. e4 fxe4+ 36. Kxe4 d5+ 37. Kd3 dxc4+ 38. Kxc4 Bb6 39. b4 axb4 40.
cxb4 e4 41. Kc3 e3 42. Kd3 Kf5 43. a4 Kg4 44. a5 Ba7 45. a6 Kh3 46. g4 Kxg4 47.
b5 cxb5 48. Ke2 Kh3 49. Kf3 Kxh2 50. Ke2 Kg3 51. Kf1 Kf3 52. Ke1 e2 53. Kd2 Be3+
54. Ke1 Bb6 55. a7 Bxa7 56. Kd2 Kf2 57. Kc2 e1=Q 58. Kb3 Qe3+ 59. Kb4 Qc5+ 60.
Ka5 b4+ 61. Ka4 Ke3 62. Kb3 Qc3+ 63. Ka4 b3 64. Kb5 b2 65. Ka4 Qc4+ 66. Ka3 Bc5+
67. Kxb2 Kd2 68. Kb1 Qb3+ 69. Ka1 Bd4# 0-1

[Event "ch-FRA Blitz Online Qual"]
[Site "Europe-Chess INT"]
[Date "2020.05.16"]
[Round "10"]
[White "Barraud, Mickael"]
[Black "Richard, Maxime"]
[Result "1-0"]
[WhiteElo "1733"]
[BlackElo "1436"]
[WhiteFideId "696137"]
[BlackFideId "20643411"]
[EventDate "2020.05.16"]

1. e4 d5 2. e5 c5 3. c3 Nc6 4. d4 Bf5 5. Bd3 Bxd3 6. Qxd3 e6 7. f4 cxd4 8. cxd4
Qb6 9. Nf3 Bb4+ 10. Nc3 Nge7 11. O-O Nf5 12. Be3 Rc8 13. Rac1 Nxe3 14. Qxe3 Bxc3
15. bxc3 Na5 16. Nd2 Nc4 17. Nxc4 Rxc4 18. Rb1 Qc7 19. Rfc1 O-O 20. Rb3 Rc8 21.
g4 Ra4 22. Qd2 a6 23. Rb2 b5 24. Rbc2 Rc4 25. f5 Qa5 26. fxe6 fxe6 27. g5 Qd8
28. Rf1 b4 29. Rf3 bxc3 30. Rfxc3 Rxc3 31. Rxc3 Rxc3 32. Qxc3 Qxg5+ 33. Kf2 Qf4+
34. Kg2 Qg4+ 35. Kf1 Qf4+ 36. Ke1 Qxh2 37. Qc8+ Kf7 38. Qd7+ Kg6 39. Qxe6+ Kh5
40. Qf5+ Kh6 41. Qe6+ g6 42. Qxd5 Qg1+ 43. Kd2 Qg5+ 44. Kc3 Qc1+ 45. Kb4 Qb1+
46. Kc5 Qc2+ 47. Kd6 Qh2 48. Kd7 g5 49. e6 Qh3 50. Kd8 Qf3 51. Qxf3 g4 52. Qxg4
a5 53. e7 a4 54. e8=Q a3 55. Qee6# 1-0

[Event "ch-FRA Blitz Online Qual"]
[Site "Europe-Chess INT"]
[Date "2020.05.16"]
[Round "10"]
[White "Tempier, Martin"]
[Black "Duvert, Francois"]
[Result "0-1"]
[WhiteElo "1357"]
[BlackElo "1729"]
[WhiteFideId "36009300"]
[BlackFideId "36072877"]
[EventDate "2020.05.16"]

1. e4 d5 2. exd5 Nf6 3. Nc3 Nxd5 4. d4 Nc6 5. Nf3 g6 6. Bd2 Bg7 7. Bb5 O-O 8.
O-O Bg4 9. Bxc6 bxc6 10. Be3 Nxe3 11. fxe3 Rb8 12. b3 c5 13. Ne2 cxd4 14. exd4
Re8 15. h3 Bc8 16. c4 c5 17. Qd3 cxd4 18. Nexd4 e5 19. Rad1 exd4 20. Nxd4 Bxd4+
21. Qxd4 Qxd4+ 22. Rxd4 Bf5 23. g4 Be6 24. Rfd1 Kg7 25. Kf2 h5 26. gxh5 Bxh3 27.
hxg6 fxg6 28. Kg3 Bf5 29. Kf4 Re2 30. R4d2 Rxd2 31. Rxd2 Re8 32. c5 Re4+ 33. Kg5
Rg4# 0-1